Anatomical Position Regions - Statistics

General Stats
  • This quiz has been taken 75 times
  • The average score is 11 of 20
Answer Stats
Common Name Region % Correct
nose nasal
85%
upper arm brachial
83%
upper leg femoral
83%
fingers digital
78%
toes digital
75%
mouth oral
75%
cheek buccal
73%
lower back lumbar
73%
buttocks gluteal
69%
lower arm antebrachial
64%
back of the head occipital
64%
chest thoracic
64%
belly button umbilical
64%
head cranial
59%
chin mental
59%
armpit axillary
57%
neck cervical
57%
upper back dorsal
57%
bottom of the foot plantar
55%
pubic area pubic
55%
abdomen abdominal
54%
calf sural
54%
back of the knee popliteal
53%
knee patellar
50%
wrist carpal
45%
shoulder deltoid/acromial
33%
eyes orbital
33%
foot pedal
33%
genitalia genital
30%
shin crural
29%
hands manual
24%
ankle tarsal
21%
heel calcaneal
18%
elbow olecranal
13%
anterior elbow antercubital
0%
No matching quizzes found
Score Distribution
Percent of People with Each Score
Percentile by Number Answered
Your Score History
You have not taken this quiz